01016nam a22003137a 450000500170000000800410001702000180005804100080007608200180008410000240010210000210012624501060014726000340025330000180028749000380030550000350034365000350037865000150041365000180042865000140044665000280046065000310048865000360051965000250055565000240058065000270060465000310063165000400066220250701151357.0230228b2021 |||||||| |||| 00| 0 spa d a9782409929806 aESP a005.758 G113s aGabillaud, Jerôme aPoirier, Jacques aSQL Server 2019: aprender a administrar base de datos transaccional con SQL Server management studio aEspañabEdiciones ENIc2021 a478 páginas aTecnologías de la Información aCon ejercicios y correcciones. aPROGRAMACIÓN DE COMPUTADORAS aSQL SERVER aBASE DE DATOS aMETADATOS aSEGURIDAD INFORMÁTICA aGESTIÓN DE BASE DE DATOS aINSTALACIÓN Y CONFIGURACIÓN aSEGURIDAD DEL ACCESO aTAREAS PLANIFICADAS aTRANFERENCIAS DE DATOS aRESTAURACIÓN DEL SISTEMA aHERRAMIENTAS PARA LA OPTIMIZACIÓN